| 000 | 01156nam a2200253Ia 4500 | ||
|---|---|---|---|
| 003 | GCL | ||
| 008 | 140319s9999 xx 000 0 ara d | ||
| 040 |
_aGCL / _cGCL |
||
| 082 | 0 | 4 |
_a953.09 _bد د |
| 100 | 1 | _aكريسيليوس، دانيال | |
| 245 | 1 | 0 |
_aدراسات فى تاريخ مصر الاقتصادى والاجتماعى فى العصر العثمانى : _bاعمال الندوة العلمية التى اقامتها هيئة فولبرايت بالقاهرة فى الفترة من 6-8 ديسمبر 1996 / _cكريسيليوس، دانيال |
| 700 | 1 | _aحمزة عبدالعزيز بدر | |
| 700 | 1 | _aمحمد حسام الدين اسماعيل | |
| 250 | _aالاولى | ||
| 260 |
_aالقاهرة : _bدار الافاق العربية ، _c1997 |
||
| 300 |
_a186،39 ص ؛ _c24 سم |
||
| 650 | 0 | 4 | _aمصر |
| 650 | 0 | 4 | _aالامبراطورية العثمانية |
| 650 | 0 | 4 | _aمصر - تاريخ |
| 650 | 0 | 4 | _aمصر - الاحوال الاقتصادية |
| 650 | 0 | 4 | _aمصر - الاحوال الاجتماعية |
| 650 | 0 | 4 | _aمصر - تاريخ - العصر العثمانى ( 1517-1914 م ) |
| 942 |
_2ddc _cBK |
||
| 999 |
_c4650 _d4650 |
||